Missing Word: Harry Potter Cast III Quiz Stats

Quiz Updated May 9, 2016

Challenge
Share
Tweet
Embed
Score 0/24 Timer 03:00
3 Plays Today
Answer % Correct
Mia
96.6%
Mario
90.1%
Air
89.6%
Vendetta
89.2%
Jane
88.3%
Hawk
87.8%
Fifth
83.4%
Knight
82.4%
Spy
81.9%
Man
77.9%
Black
73.1%
Billy
72.8%
Answer % Correct
Foot
71.5%
Games
69.6%
Bounty
66.8%
Pan
59.9%
Rita
56.5%
Roy
55.9%
Skeleton
39.8%
Beloved
39.2%
Event
36.4%
Calendar
22.6%
Snow
21.4%
Green
19.8%

Today's Daily Dose

Word Ladder
'90s Movies

Quick Pick
'Fire' Movies

On This Day
June 19th II

You're not logged in!

Compare scores with friends on all Sporcle quizzes.
Join for Free
OR
Log In

You Might Also Like...

Show Comments

Extras

Top Quizzes Today


Score Distribution

Your Account Isn't Verified!

In order to create a playlist on Sporcle, you need to verify the email address you used during registration. Go to your Sporcle Settings to finish the process.

Report this User

Report this user for behavior that violates our Community Guidelines.

Details: